Vocabulaire néerlandais - Statistiques

Statistiques générales
  • Ce quiz a été pris 42 fois
  • Le résultat moyen est 3 sur 14
Statistiques - réponses
Français Néerlandais % Correct
Escalier Trap
57%
Tapis Tapijt
43%
Radis Radijs
24%
Tongue Tong
24%
Echecs Schaak
22%
Tableau Tafel
22%
Ennuyé Verveeld
22%
Tremblement de Terre Aardbeving
19%
Rein Nier
16%
Ecureuil Eekhoorn
14%
Méduse Kwal
14%
Litchi Lychee
8%
Fouet Zweep
8%
Genoux Schoot
3%
Aucun quiz correspondant
Distribution des résultats
% des personnes avec chaque résultat
Percentile par nombre de réponses
Votre historique - résultats
Vous n’avez pas pris ce quiz